[Event "Linares-03"]
[Site "Linares"]
[Date "1981.01.24"]
[Round "6"]
[White "Gligoric, Svetozar"]
[Black "Spassky, Boris Vasilievich"]
[Result "1/2-1/2"]
[WhiteElo "2530"]
[BlackElo "2635"]
[Annotator "Kharitonov,A"]
[PlyCount "37"]
[EventDate "1981.01.17"]
[EventType "tourn"]
[EventRounds "11"]
[EventCountry "ESP"]
[EventCategory "13"]
[SourceTitle "MCL"]
[Source "ChessBase"]
[SourceDate "1999.07.01"]
[SourceVersion "1"]
[SourceVersionDate "1999.07.01"]
[SourceQuality "1"]

1. d4 Nf6 2. c4 e6 3. Nc3 Bb4 4. e3 c5 5. Nge2 cxd4 6. exd4 d5 7. c5 Nc6 8. a3
Ba5 $5 (8... Bxc3+ 9. Nxc3 O-O 10. Bg5 $6 (10. Bb5 e5 $1 11. Bxc6 bxc6 12. dxe5
Nd7 $13 {Vaisser,A-Frolov,A/Groningen(op)/1993/0:1 (67)/}) (10. Be2 Ne4 (10...
e5 $5) 11. Nxe4 dxe4 12. Be3 f5 13. Qd2 Qf6 14. g3 e5 15. dxe5 $1 Nxe5 16.
O-O-O $14 {Gurevich,M-Zaid,L/URS/1984/1:0 (29) Inf 37/623/}) 10... h6 11. Bh4
e5 $1 12. dxe5 Nxe5 $15 {Vaisser,A-Makarichev,S/Tashkent/1987/0:1 (28) Inf 43/
702/}) 9. b4 Bc7 10. g3 (10. f4 $6 Ne4 $13) (10. b5 $6 Na5) 10... e5 11. Bg2 a5
$5 (11... Bg4 12. f3 Bf5 13. O-O O-O 14. Nb5 $6 (14. Bg5 $5 h6 15. Bxf6 gxf6
16. f4 $1 $16) 14... Bb8 15. dxe5 Nxe5 $132 {Polugaevsky,L-Spassky,B/URS(ch)/
1959/1:0 (41)/}) (11... exd4 $2 12. Nb5 $16) 12. Bg5 $5 (12. b5 $2 Nxd4 13.
Nxd4 exd4 14. Qxd4 Qe7+ $1 $17) (12. Rb1 $6 axb4 13. axb4 Bf5 $36) (12. dxe5
Bxe5 13. b5 Ne7 $13) 12... Bg4 (12... axb4 13. Nxd5 $16) 13. f3 (13. Nxd5 $2
Nxd4 $17) (13. h3 $6 Bxe2 14. Nxe2 axb4) 13... axb4 $5 14. axb4 Rxa1 15. Qxa1
Bf5 16. dxe5 (16. Bxf6 gxf6 17. Qa4 Bd7 $1) 16... Bxe5 17. f4 Bxc3+ $1 (17...
Nxb4 $2 18. Qa4+ Nc6 19. fxe5 $18) 18. Qxc3 O-O 19. Bxf6 (19. O-O $6 d4 20. Qd2
d3 $17) (19. Nd4 $6 Qe8+ 20. Kf1 Ne4 $17) (19. Bxf6 Qxf6 $6 20. Qxf6 (20. Bxd5
Qxc3+ 21. Nxc3 Nxb4 22. Bxb7 Nd3+ $10) 20... gxf6 21. b5 Nb4 22. Nd4 Re8+ 23.
Kd2 Be4 24. Bxe4 Rxe4 25. Kc3 $2 Na2+ 26. Kd3 Nb4+ $10) (19. Bxf6 gxf6 $5 20.
Nd4 Re8+ 21. Kf2 Be4 $13) 1/2-1/2

[Event "Groningen op"]
[Site "Groningen"]
[Date "1993.??.??"]
[Round "5"]
[White "Vaisser, Anatoli"]
[Black "Frolov, Artur"]
[Result "0-1"]
[WhiteElo "2580"]
[BlackElo "2535"]
[Annotator "Kharitonov,A"]
[PlyCount "134"]
[EventDate "1993.12.??"]
[EventType "swiss"]
[EventRounds "11"]
[EventCountry "NED"]
[SourceTitle "CBM 039"]
[Source "ChessBase"]
[SourceDate "1994.04.01"]
[SourceVersion "1"]
[SourceVersionDate "1994.04.01"]
[SourceQuality "1"]

1. d4 Nf6 2. c4 e6 3. Nc3 Bb4 4. e3 c5 5. Nge2 cxd4 6. exd4 d5 7. c5 O-O 8. a3
Bxc3+ 9. Nxc3 Nc6 10. Bb5 (10. Bg5 $6 h6 $1 11. Bh4 e5 12. dxe5 Nxe5 $15 {
Vaisser,A-Makarichev,S/Tashkent/1987/0:1 (28) Inf 43/702/}) (10. Be2 $5 Ne4 11.
Nxe4 dxe4 12. Be3 f5 13. Qd2 Qf6 14. g3 e5 15. dxe5 $1 Nxe5 16. O-O-O $14 {
Gurevich,M-Zajd,L/SSSR/1984/1:0 (29) Inf 37/623/}) (10. Be2 e5 $5) (10. Bf4 $5)
10... e5 $1 11. Bxc6 (11. dxe5 Nxe5 12. Be3 Nc4) 11... bxc6 12. dxe5 Nd7 13.
Qd4 $6 (13. O-O $5 Nxc5 (13... Nxe5 14. Qd4) 14. Re1 (14. Qc2 $5) 14... Ba6 $15
) 13... Ba6 $1 (13... Nxe5 14. O-O) 14. Be3 (14. Bf4 Re8 15. O-O-O Qa5) 14...
Re8 15. f4 (15. O-O-O $5) 15... Qh4+ 16. Bf2 (16. g3 Qh5 $36) (16. Kd2 Qg4 17.
Rhg1 f6 $1 $36) 16... Qh6 17. Qd2 (17. O-O-O Nxe5 $1 $17) 17... Qh5 $5 (17...
f6 18. O-O-O fxe5 19. fxe5 Qxd2+ 20. Rxd2 Nxe5 21. Bd4 $15) 18. g4 $8 (18. Bd4
f6 $17) (18. Qd1 Qf5 19. Qd2 f6 $17) (18. h3 $2 Nxe5 $1 19. fxe5 Rxe5+ 20. Be3
Rae8 21. Nd1 Qh4+ 22. Qf2 Rxe3+ 23. Nxe3 Rxe3+ $19) 18... Qxg4 19. Rg1 Qf3 20.
Bd4 $2 (20. Rg3 Qh1+ 21. Rg1 Qf3 $10) (20. Rg3 Qh5 21. Rg5 Qh6 $5) 20... f6 $17
21. Qg2 Qxg2 22. Rxg2 fxe5 23. fxe5 Nxe5 24. O-O-O g6 25. h4 Nf3 26. h5 Nxd4
27. Rxd4 Kg7 28. hxg6 hxg6 29. Kd2 Re6 30. Rh4 Rb8 31. Kc2 Bc4 32. Rgh2 Kf6 33.
Rf2+ Kg5 34. Rh7 d4 35. Rg2+ Kf6 36. Rf2+ Ke5 37. Nb1 Bb3+ 38. Kd3 Kd5 39. Rd7+
(39. Rxa7 $2 Re1 40. Nd2 Re3#) 39... Kxc5 40. Rxd4 Rbe8 41. Rd7 a5 42. Nc3 Re5
43. Rf4 g5 44. Na4+ Kb5 45. Nc3+ (45. Rb7+ Ka6 46. Rb6+ Ka7 $19) 45... Kb6 46.
Rf6 (46. Na4+ Ka6 47. Rfd4 Re3+ 48. Kd2 Re2+ $19) 46... Rh8 47. Ne4 Rh1 48. Nd2
Rh3+ 49. Rf3 (49. Kd4 Re2 50. Nxb3 Rxb3 $19) 49... Rxf3+ 50. Nxf3 Rf5 51. Ke4 (
51. Nd4 Rd5 52. Rxd5 Bxd5 53. b4 c5 54. bxc5+ Kxc5 $17) 51... Rb5 52. Ke3 Bd5
53. Nxg5 Rxb2 $19 54. Ne4 Rb3+ 55. Kd4 Bxe4 $1 (55... Rxa3 $2 56. Nc5 a4 57.
Rb7+ Ka5 58. Ra7+ Kb4 59. Rb7+ $10) 56. Kxe4 Kc5 $1 57. Rd1 Kc4 58. Rd4+ Kb5
59. a4+ (59. Rd8 Rxa3 $19) 59... Kc5 60. Rd8 Kb4 61. Rd4+ Ka3 62. Rd6 c5 63.
Kd5 Kb4 (63... Rd3+ 64. Kxc5 Rxd6 65. Kxd6 Kxa4 $19) 64. Kc6 (64. Rb6+ Kxa4 65.
Rc6 Rc3) 64... c4 65. Kb6 c3 66. Rd4+ Ka3+ 67. Kxa5 c2 (67... c2 68. Rc4 Kb2
69. Rxc2+ Kxc2 70. Ka6 Kc3 71. a5 Kc4 72. Ka7 Kb5 $19) 0-1

[Event "Olympiad-32"]
[Site "Yerevan"]
[Date "1996.09.19"]
[Round "4.2"]
[White "Rowson, Jonathan"]
[Black "Urday Caceres, Henry"]
[Result "1-0"]
[WhiteElo "2425"]
[BlackElo "2450"]
[Annotator "Kharitonov,A"]
[PlyCount "113"]
[EventDate "1996.09.15"]
[EventType "team-swiss"]
[EventRounds "14"]
[EventCountry "ARM"]
[SourceTitle "CBM 055"]
[Source "ChessBase"]
[SourceDate "1996.12.01"]
[SourceVersion "1"]
[SourceVersionDate "1996.12.01"]
[SourceQuality "1"]
[WhiteTeam "Scotland"]
[BlackTeam "Peru"]
[WhiteTeamCountry "SCO"]
[BlackTeamCountry "PER"]

1. d4 Nf6 2. c4 e6 3. Nc3 Bb4 4. e3 c5 5. Nge2 cxd4 6. exd4 d5 7. c5 Ne4 8. Bd2
Nc6 $5 9. Nxe4 dxe4 10. Bxb4 Nxb4 11. Nc3 (11. Qa4+ Nc6 12. Rd1 O-O 13. Nc3 e3
14. fxe3 Qg5 15. Kf2 Bd7 16. d5 exd5 17. Rxd5 Ne5 $13 {Laurenc-Jezek/corr/1991/
1|0/64/}) 11... Qxd4 $6 (11... f5 $5 12. Bb5+ (12. Qa4+ Nc6 13. O-O-O $13)
12... Bd7 13. O-O Bxb5 14. Nxb5 O-O 15. f3 e3 16. f4 Qf6 $13 {Bareev,E-Aseev,K/
URS/1990/1|0/29/}) 12. Qxd4 Nc2+ 13. Kd2 Nxd4 14. Nxe4 $14 Ke7 $6 (14... b6 $5
15. Rc1 bxc5 16. Rxc5 O-O $14 {Polugaevsky/}) 15. Kc3 Rd8 $6 {N/} (15... e5 $5
16. f4 f5 $2 (16... Nc6 $5 17. fxe5 Nxe5 18. Re1 f6 $14 {Polugaevsky/}) 17. Nd6
b6 18. Re1 bxc5 19. Nxc8+ Rhxc8 20. Rxe5+ Kf6 21. Bc4 g5 22. g3 gxf4 23. gxf4
Rab8 24. Rhe1 $16 {Polugaevsky,L-Taimanov,M/URS/1959/1|0/49/}) 16. Bc4 b6 17.
Rad1 bxc5 18. Nxc5 Nc6 (18... e5 $2 19. Rhe1 f6 20. f4 $16) 19. Rxd8 Nxd8 20.
b4 $16 Nb7 21. Rb1 Nd6 (21... Nxc5 22. bxc5 Kd8 23. Bd3 $1 f5 24. Kd4 Kc7 25.
Be2 $16) 22. b5 Bd7 23. Nxd7 (23. a4 $5 Rc8 24. Kb4 $16) 23... Nxc4 (23... Kxd7
24. Bd3 Rc8+ 25. Kb4 $16) 24. Kxc4 $6 (24. Nc5 $5 Nd6 25. Rb3 Rc8 26. Kb4 $16)
24... Kxd7 25. Rd1+ Kc7 26. Kc5 $14 e5 27. a4 Re8 28. a5 Re6 29. Rd5 g6 (29...
e4 30. Kd4 $16) 30. Rd2 f6 31. Rb2 e4 32. Kd4 (32. b6+ axb6+ 33. Rxb6 Re5+ 34.
Kd4 Rf5 35. Ke3 $14) 32... f5 (32... Re5 33. Rc2+ Kb7 34. Rc5 $14) 33. g3 Re8 (
33... Rd6+ 34. Ke5 Rd3 35. Kf6 $16) 34. Rc2+ Kb7 35. Rc5 Re7 36. h4 (36. Ke3
Rd7 $1 $132) 36... e3 $1 (36... Re6 37. h5 Re7 38. hxg6 hxg6 39. Ke3 Re6 40.
Kf4 $16) 37. fxe3 Re4+ 38. Kd3 Rg4 39. Re5 h5 $2 (39... Rxg3 $1 40. Re7+ Kb8
41. Rxh7 (41. Kd4 Rg4+ 42. Kc5 Rxh4 $22 43. a6 Rh1 $10) 41... f4 42. Re7 Rh3
$10) 40. Re7+ Kb8 41. a6 Rxg3 42. Rb7+ Ka8 43. Rg7 Kb8 44. Kd4 Rh3 (44... Rg4+
45. Kc5 Rxh4 46. Rg8+ Kc7 47. Ra8 $18) (44... Rg1 45. Ke5 Rg4 46. Kd6 $18) 45.
Rxg6 Rxh4+ 46. Ke5 Re4+ (46... Rh3 47. Kd6 $18) 47. Kd6 Re8 48. Rh6 $18 Rd8+
49. Kc6 Rg8 (49... Rc8+ 50. Kd7 Rc7+ 51. Kd6 $18) 50. Rxh5 Rg6+ 51. Kd7 Rg7+
52. Kd6 Rg6+ 53. Kc5 Re6 (53... Rf6 54. Rh8+ Kc7 55. Ra8 $18) 54. Rxf5 Rxe3 55.
Rf8+ Kc7 56. Ra8 Re5+ 57. Kb4 (57. Kb4 Re4+ (57... Kb6 58. Rb8+ Kc7 59. Rb7+
$18) 58. Ka5 $18) 1-0

[Event "GER CupT 9697 f-1"]
[Site "Porz"]
[Date "1997.03.16"]
[Round "?.3"]
[White "Knaak, Rainer"]
[Black "Christiansen, Larry Mark"]
[Result "0-1"]
[WhiteElo "2540"]
[BlackElo "2560"]
[Annotator "Knaak,R"]
[PlyCount "84"]
[EventDate "1997.??.??"]
[EventType "team"]
[EventRounds "1"]
[EventCountry "GER"]
[SourceTitle "GER-chT"]
[Source "ChessBase"]
[SourceDate "1999.07.01"]
[SourceVersion "1"]
[SourceVersionDate "1999.07.01"]
[SourceQuality "1"]

1. d4 Nf6 2. c4 e6 3. Nc3 Bb4 4. e3 c5 5. Nge2 b6 6. a3 Ba5 7. Rb1 Na6 8. Bd2
O-O 9. Ng3 d5 $5 10. cxd5 cxd4 11. exd4 Bxc3 12. bxc3 exd5 $5 $146 (12... Qxd5
13. Be2 (13. Bd3 $1 Bb7 {Das wäre der Übergang zu Lautier-Beliavski/Ubeda 1997
(1-0).} (13... Qxg2 $2 14. Bg5 Bb7 15. Bxf6 gxf6 16. Qg4+ Kh8 17. Qh4 f5 18.
Qf6+ Kg8 19. Bf1 Qf3 20. Rg1 Qxc3+ 21. Kd1 $18) 14. Qe2 $1) 13... Bb7 14. Qa4 {
war so ein Gedanke während der Partie, aber Lf3 ist keine dolle Drohung, wegen
Dd5-a2.} (14. f3 $13)) 13. f3 (13. Be2 {ist vielleicht doch der bessere Zug.
Weiß kann sich dann nach der Rochade auch ein Öffnung mit c3-c4 erlauben.})
13... Nc7 14. Kf2 Re8 15. h4 (15. Bd3 Ba6 16. Bc2 $1 {ist eine interessante
Option (Christiansen), aber} Nb5 $1) 15... Ba6 16. Bxa6 Nxa6 17. h5 Qd7 18. Qc2
Nc7 19. Qd3 (19. a4 {sehr langsam}) 19... Re6 20. Ne2 {[#] Mein anfänglicher
Optimismus war hier schon geschwunden, denn ich hatte bemerkt, daß viele
Aktionen daran scheitern, daß im weißen Lager stets etliche Punkte überdeckt
werden müssen, so wie b5, g4, h2 und die e-Linie.} (20. Bf4) (20. Nf5 Rae8)
20... Rae8 21. Nf4 R6e7 22. g4 (22. h6 g6 (22... g5 23. Nh3) 23. g4) 22... h6
23. Ng2 (23. Rhg1 $13 {ist am besten.} Nh7 24. Ng2 $5) (23. Rhe1 $6 Rxe1 24.
Bxe1 Qd6 $1) (23. Rbg1 $2 Qb5) 23... Re2+ $1 24. Qxe2 (24. Kf1 Nxg4 $1 25. fxg4
Qxg4 26. Nh4 (26. Nf4 R8e3 $19 27. Bxe3 Qf3+ 28. Kg1 Qg3+ 29. Kf1 Rxe3 {
ist evtl. gerade so spielbar.}) 26... R8e4 27. Rd1 Nb5 28. Qf3 $19) (24. Kg3
Qd6+ 25. Bf4 Rxg2+ {Die weiße Stellung krankt vor allem an der Schwäche des
Königs.}) 24... Rxe2+ 25. Kxe2 Nb5 26. a4 Na3 27. Rb4 Ne8 $1 28. Ne3 Nd6 29. a5
$6 (29. Bc1 Nac4 $2 (29... Ndc4 30. Bxa3 Nxa3 31. Ra1 Nc4 32. Nxc4 dxc4 33.
Rxc4) 30. Nxc4 (30. Nxd5 $1 a5 $13 (30... Qe6+ 31. Ne3 Nxe3 32. Bxe3 Nc4 33.
Kd3 Qxe3+ 34. Kxc4 Qxf3 35. Rg1 Qe2+ 36. Kb3 {ist wohl das spielbarste.}) 31.
Rb1 Qxa4) 30... Nxc4 31. Kf2 Qc6 32. Re1 a5 33. Rb5 Nd6 34. Rb3 $6) (29. Nxd5 {
Fritz} Ne4 $19 (29... Qe6+ 30. Ne3 Nc2 31. d5 (31. Rbb1 Nc4 32. Kd3 Nxd2 33.
Nxc2 Nxb1 34. Rxb1 Qc6 $19) 31... Qe5 32. f4 Qe8 33. Rc1 Nxb4 34. cxb4 Qxa4 $19
)) 29... bxa5 $1 {MultiMedia files not imported} 30. Rb8+ Kh7 31. Kf2 (31. Nxd5
Ndc4 (31... Ne4 $11 32. fxe4 Qxg4+ 33. Kf2 Qxe4 34. Nf6+ gxf6 35. Rg1 Qc2 36.
Rbg8 $1) 32. Ne3 Qe6 $19 33. Kd3 Nxe3 34. Bxe3 Qc4+ 35. Ke4 Nc2 $1 {Fritz})
31... Qc7 32. Rf8 Ndc4 33. Nxc4 Nxc4 34. Bc1 Qe7 (34... Ne5) 35. Rc8 a4 36. Bf4
Qf6 37. Kg3 Qe6 38. Rb8 a3 39. g5 hxg5 40. Bxg5 Nd6 41. Rb3 Nf5+ 42. Kf2 Qd6
0-1

[Event "GER-ch 70th"]
[Site "Bremen"]
[Date "1998.11.09"]
[Round "4"]
[White "Schumacher, Olaf"]
[Black "Knaak, Rainer"]
[Result "1-0"]
[WhiteElo "2330"]
[BlackElo "2555"]
[Annotator "Knaak,R"]
[PlyCount "89"]
[EventDate "1998.11.06"]
[EventType "swiss"]
[EventRounds "9"]
[EventCountry "GER"]
[SourceTitle "CBM 068"]
[Source "ChessBase"]
[SourceDate "1999.02.01"]
[SourceVersion "1"]
[SourceVersionDate "1999.02.01"]
[SourceQuality "1"]

1. d4 e6 2. c4 Nf6 3. Nc3 Bb4 4. e3 b6 5. Nge2 c5 6. a3 Ba5 7. Rb1 Na6 8. Qa4
Qe7 (8... Bb7 $1) 9. dxc5 Bxc3+ 10. Nxc3 bxc5 {Schon neu.} 11. Be2 Bb7 12. f3
O-O 13. b4 d6 14. O-O Nd7 15. Qc2 f5 16. Bd2 (16. Rd1 Nf6) 16... Nc7 17. Na4
Bc6 18. Rfd1 $6 (18. b5 Bb7 19. b6 Ne8 20. bxa7 Rxa7 21. Nc3 $13) 18... e5 19.
b5 Bb7 20. b6 Ne6 21. bxa7 Rxa7 $17 22. Nb6 Bc6 23. Nd5 Qe8 24. Qb2 g5 25. Bd3
Kh8 26. Bc3 f4 27. exf4 gxf4 28. Qf2 Qd8 29. Be4 Rxa3 30. Qb2 Ra6 $19 {
Eigentlich ist die Partie gelaufen; Bauer mehr, Stellung besser, Zeit in
Überfluß.} 31. Ra1 Rxa1 32. Rxa1 Ng5 $2 ({Ich sah} 32... Nd4 33. Bxd4 cxd4 34.
Nxf4 Bxe4 35. Ne6 Qb8 36. Qxb8 Rxb8 37. fxe4 {und es war mir nicht genug, aber
Schwarz sollte das Endspiel leicht gewinnen.}) 33. Ba5 $1 {Schock!} Qb8 $2 (
33... Qe8 34. Nc7 Qb8 35. Qxb8 Nxb8 $13) 34. Qxb8 Nxb8 35. Bc7 $18 Nf7 36. Ra7
Kg7 (36... Nd7 37. Nc3 Bxe4 38. Nxe4 $18) 37. Bxd6 Re8 38. Bxc5 Nd7 39. Ba3 Rb8
40. Bf5 Nf6 41. Ne7 Ba8 42. c5 e4 43. fxe4 Nxe4 44. Bxe4 Bxe4 45. c6 (45. c6
Rb1+ 46. Kf2 Bd3 47. Kf3 Rf1+ 48. Kg4 $18) 1-0

[Event "Dortmunder Schachtage-B 18th"]
[Site "Dortmund"]
[Date "1990.04.13"]
[Round "8"]
[White "Knaak, Rainer"]
[Black "Skembris, Spyridon"]
[Result "1-0"]
[WhiteElo "2500"]
[BlackElo "2470"]
[Annotator "Knaak,R"]
[PlyCount "59"]
[EventDate "1990.04.05"]
[EventType "tourn"]
[EventRounds "11"]
[EventCountry "GER"]
[EventCategory "9"]
[SourceTitle "CBM 018"]
[Source "ChessBase"]
[SourceDate "1990.10.01"]
[SourceVersion "1"]
[SourceVersionDate "1990.10.01"]
[SourceQuality "1"]

1. d4 Nf6 2. c4 e6 3. Nc3 Bb4 4. e3 c5 5. Nge2 cxd4 6. exd4 d5 7. c5 Ne4 8. Bd2
Nxd2 9. Qxd2 Qd7 10. a3 Ba5 11. g3 Bd8 12. Bg2 {N; 12.b4} a5 $5 13. b3 b6 14.
O-O O-O 15. b4 Ba6 16. Rfb1 $6 (16. Rab1 Bc4 $13) 16... Bxe2 $1 17. Nxe2 Qa7 $1
$10 18. Nc3 Bf6 19. Nxd5 $1 $8 exd5 20. Bxd5 axb4 $4 {Schwarz sollte die Figur
besser zurückgeben.} (20... Nd7 21. c6 $1 Rad8 $1 $10) 21. cxb6 Qa5 22. Bxa8
Qxa8 23. Rxb4 Nc6 24. b7 $18 Qa7 25. Rc1 $1 Nxd4 (25... Nxb4 26. Qxb4 {/\ Qf8}
Rb8 27. Rc8+ Bd8 28. Qd6) 26. Qe3 Qb8 27. a4 Qd6 28. Rbb1 Be5 29. Rc8 Nc6 30.
Rxc6 1-0

[Event "Elbow Beach Club GM-A"]
[Site "Paget Parish"]
[Date "2001.01.21"]
[Round "2"]
[White "Lesiege, Alexandre"]
[Black "Macieja, Bartlomiej"]
[Result "1/2-1/2"]
[WhiteElo "2582"]
[BlackElo "2578"]
[Annotator "Konikowski,J"]
[PlyCount "46"]
[EventDate "2001.01.20"]
[EventType "tourn"]
[EventRounds "10"]
[EventCountry "BER"]
[EventCategory "13"]
[SourceTitle "CBM 081"]
[Source "ChessBase"]
[SourceDate "2001.03.20"]
[SourceVersion "1"]
[SourceVersionDate "2001.03.20"]
[SourceQuality "1"]

1. d4 Nf6 2. c4 e6 3. Nc3 Bb4 4. e3 c5 5. Nge2 cxd4 6. exd4 O-O 7. c5 Ne4 (7...
d6 8. a3 Bxc3+ (8... Ba5 9. b4 Bc7 10. Bf4 dxc5 11. dxc5 Nc6 12. Qxd8 Bxd8 13.
Bd6 Be7 14. Rd1 Bxd6 15. Rxd6 Ne5 16. Nd4 Bd7 17. f4 Ng6 18. g3 e5 19. fxe5
Nxe5 20. Bg2 Nc4 21. Rxf6 gxf6 22. Bxb7 Rae8+ 23. Kf2 Ne5 24. Kg2 h5 25. c6 Bc8
26. Bxc8 Rxc8 27. Nd5 Rcd8 28. Ne7+ Kh7 29. Ndf5 Rd5 30. Rc1 Ng4 31. Rc5 Rxc5
32. bxc5 {1-0 Sherbakov,R-Yevseev,D/Samara 2000/}) 9. Nxc3 dxc5 10. dxc5 Qc7
11. Qd6 Qxd6 12. cxd6 Rd8 13. Nb5 Nc6 14. Bg5 a6 15. Nc7 Rb8 16. O-O-O b5 17.
g3 h6 18. Bxf6 gxf6 19. Bg2 Na5 20. Rd3 Rb6 21. Rhd1 Bb7 $13 {Sadler,M-Van der
Sterren,P/Germany 2000/}) 8. Bd2 $146 {[%mdl 8]} (8. Qc2 d5 9. a3 Bxc3+ 10.
Nxc3 Nc6 11. Be3 e5 12. Nxe4 Bf5 13. dxe5 Bxe4 14. Qa4 d4 15. Rd1 Qd5 16. Bxd4
Bc2 17. Qxc2 Nxd4 18. Qc4 Qxe5+ 19. Be2 Rad8 20. Kf1 Nxe2 21. Rxd8 Rxd8 22.
Qxe2 Qd5 23. h4 Qd1+ 24. Qe1 Qc2 $19 {Shulman,Y-Stocek,J/CZE 1999/}) (8. a3 $5
Bxc3+ 9. Nxc3 $14) 8... Nxd2 9. Qxd2 d6 10. a3 Bxc3 11. Nxc3 b6 12. Nb5 dxc5
13. dxc5 Bd7 (13... bxc5 $2 14. Qxd8 Rxd8 15. Nc7 $18) 14. Qd6 Bxb5 15. Bxb5
bxc5 16. O-O-O (16. Qxc5 $2 Nd7 17. Bxd7 Qxd7 18. O-O Rac8 $15) 16... Qxd6 $2 (
16... Qc8 $142 $5 $17) 17. Rxd6 $11 a6 18. Be2 Ra7 19. Rhd1 g6 20. Kc2 Kg7 21.
Rb6 Kf6 22. Rdd6 Ke7 23. Bc4 (23. Bxa6 Nd7 24. Rbc6 Ne5 $11) 23... h5 1/2-1/2

[Event "Tata Steel-A 78th"]
[Site "Wijk aan Zee"]
[Date "2016.01.31"]
[Round "13"]
[White "Tomashevsky, Evgeny"]
[Black "Caruana, Fabiano"]
[Result "1-0"]
[WhiteElo "2728"]
[BlackElo "2787"]
[Annotator "Krasenkow,M"]
[PlyCount "125"]
[EventDate "2016.01.16"]
[EventType "tourn"]
[EventRounds "13"]
[EventCountry "NED"]
[EventCategory "20"]
[SourceTitle "CBM 171"]
[Source "ChessBase"]
[SourceDate "2016.03.14"]
[SourceVersion "2"]
[SourceVersionDate "2016.03.14"]
[SourceQuality "1"]

1. d4 Nf6 2. c4 e6 3. Nc3 Bb4 4. e3 b6 5. Nge2 c5 6. a3 Ba5 7. Rb1 Na6 8. Ng3
Bb7 9. f3 O-O 10. Bd3 d5 (10... cxd4 11. exd4 Bxc3+ 12. bxc3 d5 13. O-O (13.
cxd5 $5 exd5 14. O-O {[%cal Ya3a4]}) 13... dxc4 14. Bxc4 Rc8 15. Qe2 Nb8 16.
Bd2 Rxc4 17. Qxc4 Ba6 18. Qa4 Bxf1 19. Nxf1 Qc7 $11 {0-1 (50) Peralta,F (2556)
-Ponomariov,R (2695) Albox 2005}) 11. O-O cxd4 $2 {After this careless move
Black's a5-bishop gets into trouble.} (11... Rc8 $6 12. Nb5 Qd7 13. Nxa7 Ra8
14. Nb5 $16 {1/2 (72) Bluebaum,M (2513)-Dann,M (2434) Dresden 2013}) (11...
dxc4 $142 12. Bxc4 Bxc3 13. bxc3 {- this position is less favourable for Black
than it was after 10...cxd4 as now ...cxd4 can be met with cxd4. E.g.} Rc8 14.
Qe2 Nb8 15. Bb2 Nd5 16. Rfc1 Qg5 17. f4 Qe7 18. f5 Qg5 19. fxe6 fxe6 20. Rf1
$14 Kh8 {1/2 (26) Hawkins,J (2511)-Adams,M (2752) England 2014} 21. e4 $1 Nf4
22. Rxf4 Qxf4 23. Bxe6 Rce8 24. d5 $36) 12. Nb5 $1 {[%cal Rb2b4]} (12. exd4 $2
dxc4 13. Bxc4 Rc8 14. Qd3 Bxc3 15. bxc3 Nc7 16. Bd2 Bd5 $11 {0-1 (58) Popov,S 
(2478)-Jeremic,V (2527) Zlatibor 2006}) 12... dxc4 13. Bxc4 Rc8 $8 14. Qe2 $1 {
Even better than} (14. Bd3 Nc5 15. b4 Nxd3 16. Qxd3 a6 17. Nxd4 (17. Na7 $143
Ra8 18. bxa5 b5 19. Bb2 {1/2 (19) Feige,M (2421)-Natsidis,C (2227) Germany 2008
}) 17... Bxb4 18. axb4 e5 19. Bb2 exd4 20. Qxd4 Qxd4 21. Bxd4 $16) 14... Bd5
15. Bxd5 Qxd5 16. e4 (16. exd4 {is simpler, e.g.} Qb3 (16... Rc4 17. b3) 17.
Nxa7 {, winning a pawn...} Rc4 18. Qd1 $1 Qxd1 19. Rxd1 {...and renewing the
b2-b4 threat.}) 16... Qa2 (16... Qb3 17. Nxd4 Qc4 18. Qxc4 Rxc4 19. Nb5 {
[%cal Rb2b4]} Rc5 20. Nxa7 Ra8 21. b4 $18) (16... d3 $5 17. exd5 dxe2 18. Nxe2
Nxd5 19. b4 Naxb4 20. axb4 Bxb4 21. Nxa7 Rc2 22. Rb2 {- White parries
immediate threats but it will not be easy for him to convert his material
advantage as all the pawns are on the same side.}) 17. Bg5 $1 {The killing
b2-b4 will follow sooner or later.} Rc4 18. Rbd1 (18. Bxf6 gxf6 19. Qf2 $1 $18
{[%cal Rb2b4,Rg3h5]}) 18... d3 (18... Rd8 19. e5 Qb3 20. Nxd4 Rcxd4 21. Rxd4
Rxd4 22. Qxa6 Ne8 23. Qc8 Kf8 24. Qb7 Kg8 25. Qe7 Qa4 26. b4 $18) 19. Qxd3 Rc5
20. Be3 $6 (20. Bxf6 gxf6 21. Nd4 $18 {[%cal Rd3a6,Rb2b4]}) 20... Qxb2 21. Bxc5
Nxc5 $16 {The a5 bishop has survived; Black has only lost an exchange for a
pawn. However, Evgeny Tomashevsky manages to convert his material advantage
although it takes a lot of time.} 22. Qe2 Qxe2 23. Nxe2 a6 24. Nd6 b5 25. Nd4
Bb6 26. Kh1 g5 27. Nc6 Kg7 28. g3 h5 29. Rfe1 Na4 30. Rd3 Nc5 31. Rd2 Nb3 32.
Rc2 Nc5 33. Kg2 Na4 34. Rd1 g4 35. Rd3 Nc5 36. Rd1 Na4 37. h3 gxf3+ 38. Kxf3
Nh7 39. e5 Bc5 40. Rd3 f6 41. Kg2 Bb6 42. exf6+ Nxf6 43. Nd4 Bxd4 44. Rxd4 Nd5
45. Re4 Rd8 46. Nb7 Rd7 47. Na5 Rd6 48. Rc6 Rxc6 49. Nxc6 Nc5 50. Re5 Nd3 51.
Rg5+ Kh6 52. Rg8 Ne3+ 53. Kf3 Nc4 54. Nb4 Nde5+ 55. Ke2 a5 56. Nc2 Nd7 57. Rc8
Kg6 58. Rc7 Nf6 59. Rc6 Kf7 60. a4 Nd5 61. axb5 Ne5 62. Ra6 Nc3+ 63. Kf1 1-0